Cantautori italiani - Statistics

Statistiche generali
  • Questo quiz è stato fatto 423 volte
  • Il punteggio medio è 9 su 15
Statistiche sulle risposte
Canzone Cantautore % Corretto
Albachiara Vasco Rossi
93%
Il ragazzo della via Gluck Adriano Celentano
89%
Napule è Pino Daniele
83%
4 / 3 / 1943 Lucio Dalla
79%
Fiori rosa, fiori di pesco Lucio Battisti
75%
Luci a San Siro Roberto Vecchioni
74%
La locomotiva Francesco Guccini
70%
Il gorilla Fabrizio De André
68%
Bandiera bianca Franco Battiato
61%
La libertà Giorgio Gaber
53%
Porta Portese Claudio Baglioni
47%
Ho visto un re Enzo Jannacci
45%
Lugano addio Ivan Graziani
38%
Borghesia Claudio Lolli
21%
Le beatitudini Rino Gaetano
19%
Nessun quiz corrispondente trovato
Distribuzione punteggi
Percentuale di utenti per punteggio
Percentile per numero di risposta
I tuoi punteggi nel tempo
Non hai fatto questo quiz